LEADER 00892nam 2200289 450 001 996671080203316 005 20250821125559.0 100 $a20250819d1985----km y0itay5003 ba 101 0 $aita 102 $aIT 105 $ay 00 y 200 1 $aTentazioni a Maria$edramma sacro in tre atti$aDramma antico$edramma lucano in tre atti$fPasquale Colucci$gprefazione di G. Barberi Squarotti 210 $aOppio Mamertina$cBarbaro$d1985 215 $a102 p.$d22 cm 540 1 $aDramma antico$edramma lucano in tre atti 606 0 $aDrammi sacri$2BNCF 676 $a782 700 1$aCOLUCCI,$bPasquale$0474874 702 1$aBARBERI SQUAROTTI,$bGiorgio 801 0$aIT$bcba$gREICAT 912 $a996671080203316 951 $aXVI.7.E. 543$bFBUO$cXVI.7.E. 959 $aBK 969 $aFBUO 996 $aTentazioni a Maria$94415785 996 $aDramma antico$94415786 997 $aUNISA